<?xml version="1.0" encoding="UTF-8"?>
<record
    xmlns:xsi="http://www.w3.org/2001/XMLSchema-instance"
    xsi:schemaLocation="http://www.loc.gov/MARC21/slim http://www.loc.gov/standards/marcxml/schema/MARC21slim.xsd"
    xmlns="http://www.loc.gov/MARC21/slim">

  <leader>01751nam a2200313 a 4500</leader>
  <controlfield tag="001">000035949</controlfield>
  <controlfield tag="003">DO-SdBNP</controlfield>
  <controlfield tag="005">20240229073921.0</controlfield>
  <controlfield tag="007">ta</controlfield>
  <controlfield tag="008">111121s1999    dr ac  gr     001 0dspa d</controlfield>
  <datafield tag="040" ind1=" " ind2=" ">
    <subfield code="a">DO-SdBNP</subfield>
    <subfield code="b">spa</subfield>
    <subfield code="c">BNPHU</subfield>
  </datafield>
  <datafield tag="082" ind1=" " ind2="4">
    <subfield code="a">781.63</subfield>
    <subfield code="b">B333h</subfield>
    <subfield code="2">22</subfield>
  </datafield>
  <datafield tag="100" ind1="1" ind2=" ">
    <subfield code="a">Batista Matos, Carlos</subfield>
    <subfield code="9">61974</subfield>
  </datafield>
  <datafield tag="245" ind1="1" ind2="0">
    <subfield code="a">Historia y evoluci&#xF3;n del merengue /</subfield>
    <subfield code="c">Carlos Batista Matos; pr&#xF3;logo, Andr&#xE9;s L. Mateo</subfield>
  </datafield>
  <datafield tag="260" ind1=" " ind2=" ">
    <subfield code="a">Santo Domigo :</subfield>
    <subfield code="b">[BANINTER],</subfield>
    <subfield code="c">1999</subfield>
  </datafield>
  <datafield tag="300" ind1=" " ind2=" ">
    <subfield code="a">348 p. :</subfield>
    <subfield code="b">il., retrs., fotogr. ;</subfield>
    <subfield code="c">23 cm.</subfield>
  </datafield>
  <datafield tag="500" ind1=" " ind2=" ">
    <subfield code="a">Incluye datos biogr&#xE1;ficos del autor.</subfield>
  </datafield>
  <datafield tag="504" ind1=" " ind2=" ">
    <subfield code="a">Bibliograf&#xED;a: p. 344- 346 </subfield>
  </datafield>
  <datafield tag="505" ind1=" " ind2=" ">
    <subfield code="a">Pr&#xF3;logo.</subfield>
  </datafield>
  <datafield tag="505" ind1=" " ind2=" ">
    <subfield code="a">Introducci&#xF3;n.</subfield>
    <subfield code="t">El origen.--</subfield>
    <subfield code="t">Merengue t&#xED;pico.--</subfield>
    <subfield code="t">Conjunto t&#xED;pico.--</subfield>
    <subfield code="t">El genio de Luis Alberti o la venganza de Trujillo.--</subfield>
    <subfield code="t">La big band.--</subfield>
    <subfield code="t">Los aportes del rey.--</subfield>
    <subfield code="t">La revoluci&#xF3;n de Johnny Ventura.--</subfield>
    <subfield code="t">El Combo Show </subfield>
    <subfield code="t">El sonido beduino.--</subfield>
    <subfield code="t">Regresan los Caballos.--</subfield>
    <subfield code="t">El merengue mel&#xF3;dico.--</subfield>
    <subfield code="t">La mujer en el merengue.--</subfield>
    <subfield code="t">La revoluci&#xF3;n electr&#xF3;nica.--</subfield>
    <subfield code="t">El fen&#xF3;meno de Juan Luis Guerra.--</subfield>
    <subfield code="t">El sonido Coco Band.--</subfield>
    <subfield code="t">Industria &amp; Estudios.--</subfield>
    <subfield code="t">Puerto Rico se rinde.--</subfield>
    <subfield code="t">El boom del merengue en Puerto Rico.--</subfield>
    <subfield code="t">Qu&#xE9; sabe del merengue.--</subfield>
    <subfield code="t">Biograf&#xED;as.--</subfield>
    <subfield code="t">Los merengues del siglo XX.--</subfield>
    <subfield code="t">Orquestas del siglo XX.-- </subfield>
    <subfield code="t">Arreglos orquestales.</subfield>
    <subfield code="t">Biograf&#xED;as.--</subfield>
    <subfield code="t">Bibliograf&#xED;a.</subfield>
  </datafield>
  <datafield tag="590" ind1=" " ind2=" ">
    <subfield code="a">Inventariado 2022 / MF</subfield>
  </datafield>
  <datafield tag="650" ind1=" " ind2="4">
    <subfield code="9">80876</subfield>
    <subfield code="a">M&#xFA;sica popular </subfield>
    <subfield code="z">Rep&#xFA;blica Dominicana</subfield>
    <subfield code="x">Historia</subfield>
  </datafield>
  <datafield tag="650" ind1=" " ind2="4">
    <subfield code="9">74110</subfield>
    <subfield code="a">Merengue </subfield>
    <subfield code="x">Historia</subfield>
    <subfield code="z">Rep&#xFA;blica Dominicana</subfield>
  </datafield>
  <datafield tag="650" ind1=" " ind2="4">
    <subfield code="9">1324</subfield>
    <subfield code="a">Merengue (m&#xFA;sica)</subfield>
    <subfield code="z">Rep&#xFA;blica Dominicana</subfield>
  </datafield>
  <datafield tag="650" ind1=" " ind2="4">
    <subfield code="a">M&#xFA;sica popular dominicana</subfield>
    <subfield code="9">2541</subfield>
  </datafield>
  <datafield tag="700" ind1="1" ind2=" ">
    <subfield code="a">Mateo, Andr&#xE9;s L.,</subfield>
    <subfield code="d"> 1946-</subfield>
    <subfield code="e">pr&#xF3;l.</subfield>
    <subfield code="9">776</subfield>
  </datafield>
  <datafield tag="910" ind1=" " ind2=" ">
    <subfield code="a">MFeliz/Validado. Control de calidad MFF</subfield>
  </datafield>
  <datafield tag="942" ind1=" " ind2=" ">
    <subfield code="2">ddc</subfield>
    <subfield code="c">LBS1</subfield>
  </datafield>
  <datafield tag="952" ind1=" " ind2=" ">
    <subfield code="0">0</subfield>
    <subfield code="1">0</subfield>
    <subfield code="2">ddc</subfield>
    <subfield code="5">6</subfield>
    <subfield code="7">0</subfield>
    <subfield code="8">DS</subfield>
    <subfield code="a">BNPHU</subfield>
    <subfield code="b">BNPHU</subfield>
    <subfield code="c">HD</subfield>
    <subfield code="d">2013-09-09</subfield>
    <subfield code="e">Donado por FUNDI</subfield>
    <subfield code="o">BNPHU DS 781.63 B333h</subfield>
    <subfield code="p">2022-4011</subfield>
    <subfield code="r">2020-06-25</subfield>
    <subfield code="t">e. 3</subfield>
    <subfield code="w">2020-06-25</subfield>
    <subfield code="y">LBS1</subfield>
  </datafield>
  <datafield tag="952" ind1=" " ind2=" ">
    <subfield code="0">0</subfield>
    <subfield code="1">0</subfield>
    <subfield code="2">ddc</subfield>
    <subfield code="5">1</subfield>
    <subfield code="7">0</subfield>
    <subfield code="8">PD</subfield>
    <subfield code="a">BNPHU</subfield>
    <subfield code="b">BNPHU</subfield>
    <subfield code="c">HD</subfield>
    <subfield code="d">2013-10-17</subfield>
    <subfield code="e">Donado por FUNDI</subfield>
    <subfield code="o">BNPHU PD 781.63 B333h</subfield>
    <subfield code="p">2022-4009</subfield>
    <subfield code="r">2020-06-25</subfield>
    <subfield code="w">2020-06-25</subfield>
    <subfield code="y">LBS1</subfield>
  </datafield>
  <datafield tag="952" ind1=" " ind2=" ">
    <subfield code="0">0</subfield>
    <subfield code="1">0</subfield>
    <subfield code="2">ddc</subfield>
    <subfield code="5">6</subfield>
    <subfield code="7">0</subfield>
    <subfield code="8">DS</subfield>
    <subfield code="a">BNPHU</subfield>
    <subfield code="b">BNPHU</subfield>
    <subfield code="c">HD</subfield>
    <subfield code="d">2011-11-21</subfield>
    <subfield code="e">Donado por FUNDI</subfield>
    <subfield code="o">BNPHU DS 781.63 B333h</subfield>
    <subfield code="p">2022-4013</subfield>
    <subfield code="r">2020-06-25</subfield>
    <subfield code="t">e.5</subfield>
    <subfield code="w">2020-06-25</subfield>
    <subfield code="y">LBS1</subfield>
  </datafield>
  <datafield tag="952" ind1=" " ind2=" ">
    <subfield code="0">0</subfield>
    <subfield code="1">0</subfield>
    <subfield code="2">ddc</subfield>
    <subfield code="5">1</subfield>
    <subfield code="7">0</subfield>
    <subfield code="8">PD</subfield>
    <subfield code="a">BNPHU</subfield>
    <subfield code="b">BNPHU</subfield>
    <subfield code="c">HD</subfield>
    <subfield code="d">2013-05-20</subfield>
    <subfield code="e">Donado por FUNDI</subfield>
    <subfield code="o">BNPHU PD 781.63 B333h</subfield>
    <subfield code="p">2022-4010</subfield>
    <subfield code="r">2020-06-25</subfield>
    <subfield code="t">e. 2</subfield>
    <subfield code="w">2020-06-25</subfield>
    <subfield code="y">LBS1</subfield>
  </datafield>
  <datafield tag="952" ind1=" " ind2=" ">
    <subfield code="0">0</subfield>
    <subfield code="1">0</subfield>
    <subfield code="2">ddc</subfield>
    <subfield code="5">6</subfield>
    <subfield code="7">0</subfield>
    <subfield code="8">DS</subfield>
    <subfield code="a">BNPHU</subfield>
    <subfield code="b">BNPHU</subfield>
    <subfield code="c">HD</subfield>
    <subfield code="d">2019-03-06</subfield>
    <subfield code="e">Dep&#xF3;sito legal</subfield>
    <subfield code="o">BNPHU DS 781.63  B333h</subfield>
    <subfield code="p">2022-4012</subfield>
    <subfield code="r">2022-09-21</subfield>
    <subfield code="t">e.4</subfield>
    <subfield code="w">2022-09-21</subfield>
    <subfield code="y">LBS1</subfield>
  </datafield>
  <datafield tag="999" ind1=" " ind2=" ">
    <subfield code="c">35440</subfield>
    <subfield code="d">35440</subfield>
  </datafield>
</record>
